000 01055nam a22003137a 4500
001 BR8108171
003 BR-BrBNA
005 20230928091139.0
007 ta
008 230509b bl.||||| |||| 00| 0 por d
040 _aBR-BrBNA
_bpor
_cBiblioteca Nacional de Agricultura
041 _a(Por)
072 _aL30
_b5214
_b/G514
090 _ 5214 BR8108171
100 1 _aPedroso, A.G.
110 1 _aComissao Estadual de Planejamento Agricola de Mato Grosso do Sul, Campo Grande (Brasil)
_92030
245 1 _aCampanha de suplementacao alimentar na seca para o rebanho leiteiro [Mato Grosso do Sul, Brasil]
260 3 _aCampo Grande, MS (Brasil):
_c1981.
300 _a22 p.
500 _a(*) Documento disponível no(a) Comissao Estadual de Planejamento Agricola de Mato Grosso do Sul, Campo Grande (Brazil)
650 _aGADO LEITEIRO
650 _aBOVINOCULTURA
650 _aNUTRICAO ANIMAL
650 _aSUPLEMENTO ALIMENTAR
650 _aSECA
650 _aMATO GROSSO DO SUL
909 _a202309
_bLucia
_c55
_dLucia Elande
942 _cBK
999 _c32472
_d32472